| 000 | 00410nam a2200157 4500 | ||
|---|---|---|---|
| 005 | 20260317141933.0 | ||
| 008 | 260317b |||||||| |||| 00| 0 eng d | ||
| 020 |
_a9780751307856 _qhbk |
||
| 041 | _aeng | ||
| 082 |
_a641.814 _bSCH |
||
| 100 | _aSchwartz, oded | ||
| 245 |
_aSauces & Salsas _coded schwarts |
||
| 260 |
_aLondon _bdorling kindersley _c1999 |
||
| 300 | _a144 p.: ill.: 28 c.m. | ||
| 942 | _cREF | ||
| 999 |
_c617776 _d617776 |
||